00659nam a2200217 a 4500001001300000003000900013005001700022008004100039020000900080082001600089100002800105245001900133260005300152300000900205500003500214700002800249902000800277942000700285952013200292999001700424nice12345678IN_TiNIC20260116015210.0091231s1973 luca grp 000 0 eng  ac3400a922.97bNAD aNadwi, A Abul Hasan Ali aGolry of Iqbal aLucknowbIslamic Research and Publicationsc1973 a235p aincludes index and biblioraphy1 aNadwi, A Abul Hasan Ali bSRS cBK 001040708StackRoom-aHMIbHMId2009-12-31g34.00l1m1o922.97 NADp11001776r2019-04-15s2019-02-26v34.00w2009-12-31yBK c18722d18722